[Event "Asian Games tt (Women)"]
[Site "Hangzhou"]
[Date "2023.10.07"]
[Round "9.17"]
[White "Feng, Eunice"]
[Black "Sukandar, Irine Kharisma"]
[Result "0-1"]
[WhiteElo "1840"]
[BlackElo "2371"]
[PlyCount "102"]
[EventDate "2023.09.29"]
[EventType "team-tourn"]
[EventRounds "9"]
[EventCountry "CHN"]
[SourceTitle "EXT 2024"]
[Source "ChessBase"]
[SourceDate "2023.10.10"]
[SourceVersion "1"]
[SourceVersionDate "2023.10.10"]
[SourceQuality "1"]
[WhiteTeam "Hong Kong (W)"]
[BlackTeam "Indonesia (W)"]
[WhiteTeamCountry "HKG"]
[BlackTeamCountry "INA"]

1. e4 e5 2. Nf3 Nc6 3. Bc4 Nf6 4. d3 Bc5 5. c3 d6 6. 0-0 a5 7. Bb3 Ba7 8. Nbd2 0-0 9. h3 Be6 10. Bc2 d5 11. exd5 Qxd5 12. Re1 Rad8 13. Qe2 Qc5 14. Nb3 Qd6 15. Be3 Bxe3 16. Qxe3 Nd5 17. Qe4 f5 18. Qh4 h6 19. d4 e4 20. Nfd2 b6 21. f3 exf3 22. Nxf3 Bc8 23. Nbd2 Qf4 24. Qf2 Qd6 25. Nc4 Qf6 26. Nfe5 Nce7 27. Ne3 Bb7 28. Ba4 Nxe3 29. Rxe3 f4 30. Ree1 Qg5 31. Nd7 Rf7 32. Ne5 Rf5 33. Bc2 Rff8 34. Nf3 Qf6 35. Re5 Ng6 36. Bb3+ Kh8 37. Re6 Qf5 38. Rae1 Rd6 39. Re8 Bxf3 40. Qxf3 Rdf6 41. Qd5 Qd3 42. Qc4 Qg3 43. Qxc7 Qg5 44. Rxf8+ Rxf8 45. Rf1 f3 46. Qh2 Qe3+ 47. Kh1 f2 48. Qd6 Qd3 49. Rc1 f1Q+ 50. Rxf1 Qxf1+ 51. Kh2 Qf4+ 0-1

[Event "Asian Games tt (Women)"]
[Site "Hangzhou"]
[Date "2023.10.06"]
[Round "8.5"]
[White "Harika, Dronavalli"]
[Black "Feng, Eunice"]
[Result "1-0"]
[WhiteElo "2502"]
[BlackElo "1840"]
[PlyCount "99"]
[EventDate "2023.09.29"]
[EventType "team-tourn"]
[EventRounds "9"]
[EventCountry "CHN"]
[SourceTitle "EXT 2024"]
[Source "ChessBase"]
[SourceDate "2023.10.10"]
[SourceVersion "1"]
[SourceVersionDate "2023.10.10"]
[SourceQuality "1"]
[WhiteTeam "India (W)"]
[BlackTeam "Hong Kong (W)"]
[WhiteTeamCountry "IND"]
[BlackTeamCountry "HKG"]

1. Nf3 d5 2. g3 Nd7 3. d4 b5 4. Nc3 c6 5. Bg2 Ngf6 6. 0-0 e6 7. a3 Be7 8. e4 0-0 9. e5 Ne8 10. Re1 Nc7 11. h4 h6 12. Ne2 c5 13. c3 Bb7 14. Nf4 cxd4 15. cxd4 Nb6 16. Nd3 a5 17. b3 b4 18. axb4 axb4 19. Bd2 Rxa1 20. Qxa1 Na6 21. Rc1 Nd7 22. Qa4 Ndb8 23. Nxb4 Qb6 24. Nxa6 Nxa6 25. Ba5 Qa7 26. Bf1 Nb8 27. Bd2 Qxa4 28. bxa4 Nc6 29. a5 Ba8 30. Bb5 Rc8 31. a6 Na7 32. Rxc8+ Nxc8 33. Ba5 Na7 34. Bd7 Nc6 35. Bc7 Bb4 36. Bc8 Ba5 37. Bd6 Bb4 38. Bc5 Ba5 39. Kf1 Nd8 40. Ne1 f6 41. exf6 gxf6 42. Be7 Kf7 43. Bxd8 Bxd8 44. Bb7 Bxb7 45. axb7 Bc7 46. Nd3 Ke7 47. Nc5 Kd6 48. Na6 e5 49. dxe5+ fxe5 50. g4 1-0

[Event "Asian Games tt (Women)"]
[Site "Hangzhou"]
[Date "2023.09.29"]
[Round "1.21"]
[White "Feng, Eunice"]
[Black "Munguntuul, Batkhuyag"]
[Result "0-1"]
[WhiteElo "1840"]
[BlackElo "2366"]
[PlyCount "70"]
[EventDate "2023.09.29"]
[EventType "team-tourn"]
[EventRounds "9"]
[EventCountry "CHN"]
[SourceTitle "EXT 2024"]
[Source "ChessBase"]
[SourceDate "2023.10.10"]
[SourceVersion "1"]
[SourceVersionDate "2023.10.10"]
[SourceQuality "1"]
[WhiteTeam "Hong Kong (W)"]
[BlackTeam "Mongolia (W)"]
[WhiteTeamCountry "HKG"]
[BlackTeamCountry "MGL"]

1. e4 c5 2. Nf3 e6 3. d4 cxd4 4. Nxd4 Nc6 5. Nc3 Qc7 6. Be3 a6 7. Qd2 Nf6 8. 0-0-0 Bb4 9. f3 Ne5 10. Nb3 b5 11. Qe1 Be7 12. f4 Nc4 13. e5 Ng4 14. Bd4 Nh6 15. Bxc4 bxc4 16. Nd2 Nf5 17. Nde4 Rb8 18. Bf2 h5 19. Qe2 a5 20. Na4 Bb7 21. Nac5 Bxe4 22. Nxe4 a4 23. Qf3 Qb7 24. Nc3 Qxf3 25. gxf3 a3 26. bxa3 Bxa3+ 27. Kd2 0-0 28. Rb1 Ra8 29. Nb5 Be7 30. Na7 d5 31. exd6 Bxd6 32. Kc3 Bb8 33. Nc6 Bxf4 34. Kxc4 Rfc8 35. Kb5 Ra5+ 0-1

[Event "Asian Games (Women)"]
[Site "Hangzhou"]
[Date "2023.09.25"]
[Round "4"]
[White "San Diego, Marie Antoinette"]
[Black "Feng, Eunice"]
[Result "0-1"]
[WhiteElo "2156"]
[BlackElo "1840"]
[PlyCount "104"]
[EventDate "2023.09.24"]
[EventType "swiss (rapid)"]
[EventRounds "9"]
[EventCountry "CHN"]
[SourceTitle "EXT 2024"]
[Source "ChessBase"]
[SourceDate "2023.10.10"]
[SourceVersion "1"]
[SourceVersionDate "2023.10.10"]
[SourceQuality "1"]

1. d4 d5 2. c4 c6 3. Nc3 Nf6 4. Nf3 dxc4 5. a4 Bf5 6. Ne5 Nbd7 7. Nxc4 Nb6 8. Ne5 a5 9. f3 Nfd7 10. e4 Nxe5 11. dxe5 Qxd1+ 12. Kxd1 Be6 13. Kc2 Bc4 14. Bxc4 Nxc4 15. f4 e6 16. b3 Nb6 17. Be3 Nd7 18. Rad1 Bb4 19. Na2 Be7 20. Rd2 0-0-0 21. Rhd1 Nc5 22. Rxd8+ Rxd8 23. Rxd8+ Kxd8 24. Nc3 h5 25. h3 Kc7 26. g4 hxg4 27. hxg4 Nd7 28. g5 Bb4 29. Na2 Bc5 30. Bd2 b6 31. Nc1 Bf2 32. Nd3 Bd4 33. f5 exf5 34. exf5 Nxe5 35. Bf4 Kd6 36. Nc1 Kd5 37. Ne2 Ke4 38. Bh2 Nf3 39. Bg3 Kxf5 40. Kd3 Bc5 41. Bc7 Nxg5 42. Ng3+ Kg4 43. Nf1 Ne6 44. Be5 g5 45. Nd2 f5 46. Nc4 Kh3 47. Ke2 Nd4+ 48. Bxd4 Bxd4 49. Nd6 f4 50. Kf3 Be3 51. Nf5 g4+ 52. Ke2 g3 0-1

[Event "Asian Games (Women)"]
[Site "Hangzhou"]
[Date "2023.09.24"]
[Round "2"]
[White "Al Maamari, Wafia Darwish"]
[Black "Feng, Eunice"]
[Result "0-1"]
[WhiteElo "1891"]
[BlackElo "1840"]
[PlyCount "78"]
[EventDate "2023.09.24"]
[EventType "swiss (rapid)"]
[EventRounds "9"]
[EventCountry "CHN"]
[SourceTitle "EXT 2024"]
[Source "ChessBase"]
[SourceDate "2023.10.10"]
[SourceVersion "1"]
[SourceVersionDate "2023.10.10"]
[SourceQuality "1"]

1. Nf3 d5 2. b3 Bf5 3. Bb2 e6 4. g3 Nf6 5. d3 c5 6. Nh4 Bg6 7. Nxg6 hxg6 8. Bg2 Nc6 9. Nd2 Be7 10. 0-0 0-0 11. e4 dxe4 12. dxe4 Qc7 13. f4 Rad8 14. Qe1 Nb4 15. Qc1 b5 16. Be5 Qb6 17. Bxf6 gxf6 18. Kh1 Qc7 19. f5 Kg7 20. Nf3 c4 21. a3 Nc6 22. Qe3 Rh8 23. Qf2 Ne5 24. Nxe5 Qxe5 25. Rad1 Rxd1 26. Rxd1 Bxa3 27. Qf4 exf5 28. exf5 Qe2 29. Rd7 Qe1+ 30. Qf1 Qxg3 31. h3 Bd6 32. Rxd6 Qxd6 33. bxc4 bxc4 34. fxg6 fxg6 35. Qxc4 Rb8 36. Qa2 a5 37. Bd5 a4 38. Qc4 Qg3 39. Qf1 Re8 0-1

[Event "Eastern Asia-ch U14 Girls 7th"]
[Site "Hainan"]
[Date "2023.08.04"]
[Round "1"]
[White "Le, Dang Bao Ngoc"]
[Black "Feng, Eunice"]
[Result "0-1"]
[WhiteElo "1226"]
[BlackElo "1702"]
[PlyCount "108"]
[EventDate "2023.08.04"]
[EventType "swiss"]
[EventRounds "9"]
[EventCountry "CHN"]
[SourceTitle "EXT 2024"]
[Source "ChessBase"]
[SourceDate "2023.10.10"]
[SourceVersion "1"]
[SourceVersionDate "2023.10.10"]
[SourceQuality "1"]

1. d4 d5 2. Nf3 Nf6 3. e3 Bg4 4. Be2 e6 5. c4 c6 6. Nc3 Nbd7 7. Qb3 Qb6 8. c5 Qc7 9. 0-0 Be7 10. Bd2 0-0 11. Qc2 Bf5 12. Qa4 Ne4 13. b4 e5 14. Qb3 Bf6 15. Rad1 Rfe8 16. Rfe1 Nxd2 17. Nxd2 exd4 18. exd4 Bxd4 19. Nf3 Bf6 20. h3 a5 21. a3 axb4 22. axb4 Ne5 23. Nd4 Bg6 24. Rf1 h6 25. Kh1 Nd7 26. Bf3 Nf8 27. Nc2 Ne6 28. Ne2 Ra7 29. Ncd4 Rea8 30. Qe3 Nxd4 31. Nxd4 Ra4 32. b5 Ra3 33. Qe2 Bxd4 34. Rxd4 Rc3 35. bxc6 bxc6 36. Re1 Rxc5 37. h4 Rc2 38. Qe3 f6 39. Qb3 Rb8 40. Qa3 Rxf2 41. Ra4 Re8 42. Rc1 Be4 43. Bxe4 dxe4 44. Re1 Qf4 45. Qh3 Rf1+ 46. Rxf1 Qxf1+ 47. Kh2 Qd1 48. Ra7 Qd6+ 49. Kh1 e3 50. Qg4 Qf8 51. Qe2 f5 52. h5 Qc5 53. Qa2+ Kh8 54. Qf7 Qe5 0-1

[Event "CHN-ch U14 Girls"]
[Site "Shenzhen"]
[Date "2023.08.02"]
[Round "11"]
[White "Zhao, Xinghan"]
[Black "Feng, Eunice"]
[Result "0-1"]
[WhiteElo "1614"]
[BlackElo "1702"]
[PlyCount "84"]
[EventDate "2023.07.28"]
[EventType "swiss"]
[EventRounds "11"]
[EventCountry "CHN"]
[SourceTitle "CBM 215 Extra"]
[Source "ChessBase"]
[SourceDate "2023.09.30"]
[SourceVersion "1"]
[SourceVersionDate "2023.09.30"]
[SourceQuality "1"]

1. e4 c6 2. Nf3 d5 3. Nc3 Bg4 4. h3 Bh5 5. g4 Bg6 6. exd5 cxd5 7. Bb5+ Nc6 8. Ne5 Rc8 9. d4 e6 10. h4 f6 11. Nxg6 hxg6 12. Be3 Bb4 13. Qd3 Nge7 14. Bxc6+ Rxc6 15. Bd2 Kf7 16. a3 Bd6 17. 0-0-0 Rc4 18. Nb5 Bb8 19. b3 Rc6 20. f4 a6 21. Nc3 Bd6 22. Kb2 Qc7 23. Ne2 Rc8 24. Rc1 Qb6 25. h5 gxh5 26. Rxh5 Qb5 27. Qe3 a5 28. Nc3 Qb6 29. Rh7 a4 30. Nxa4 Qa7 31. Bb4 Ra8 32. Nc5 Bxc5 33. Bxc5 Rxc5 34. dxc5 d4 35. Qxd4 Qxa3+ 36. Kc3 Qxc1 37. Qd6 Nd5+ 38. Kd3 Qd1+ 39. Ke4 Qe2+ 40. Kd4 Qe3+ 41. Kc4 Qc3+ 42. Kb5 Qb4# 0-1

[Event "CHN-chTB"]
[Site "Hefei"]
[Date "2023.04.22"]
[Round "9"]
[White "Ma, Xinyi"]
[Black "Feng, Eunice"]
[Result "0-1"]
[WhiteElo "1206"]
[BlackElo "1615"]
[PlyCount "80"]
[EventDate "2023.04.17"]
[EventType "team-swiss"]
[EventRounds "9"]
[EventCountry "CHN"]
[SourceTitle "EXT 2024"]
[Source "ChessBase"]
[SourceDate "2023.10.10"]
[SourceVersion "1"]
[SourceVersionDate "2023.10.10"]
[SourceQuality "1"]
[WhiteTeam "Wuxi High Level"]
[BlackTeam "Shenzhen Qiyu"]
[WhiteTeamCountry "CHN"]
[BlackTeamCountry "CHN"]

1. e4 c5 2. Nf3 d6 3. Bb5+ Bd7 4. Bxd7+ Qxd7 5. Nc3 Nf6 6. 0-0 Nc6 7. d4 cxd4 8. Nxd4 e6 9. Re1 Be7 10. Bg5 0-0 11. Nf3 Rfd8 12. Qe2 h6 13. Bh4 a6 14. Rad1 Qc7 15. Rd3 b5 16. a3 Ne5 17. Nxe5 dxe5 18. Bxf6 Bxf6 19. Red1 Rd4 20. Na2 Qc4 21. b3 Qc5 22. b4 Qc4 23. Nc3 Rc8 24. Qe1 Qc6 25. Re3 Bd8 26. Ne2 Rxe4 27. Rxe4 Qxe4 28. c3 Bb6 29. Kf1 Qh4 30. h3 Rd8 31. Rxd8+ Qxd8 32. Ng3 Qd3+ 33. Kg1 Qxg3 34. Kf1 Qd3+ 35. Kg1 e4 36. Qa1 Qd2 37. Qf1 Bxf2+ 38. Qxf2 e3 39. Qf4 Qd1+ 40. Kh2 e2 0-1

[Event "CHN-chTB"]
[Site "Hefei"]
[Date "2023.04.19"]
[Round "5"]
[White "Guo, Hanxi"]
[Black "Feng, Eunice"]
[Result "0-1"]
[WhiteElo "1594"]
[BlackElo "1615"]
[PlyCount "132"]
[EventDate "2023.04.17"]
[EventType "team-swiss"]
[EventRounds "9"]
[EventCountry "CHN"]
[SourceTitle "EXT 2024"]
[Source "ChessBase"]
[SourceDate "2023.10.10"]
[SourceVersion "1"]
[SourceVersionDate "2023.10.10"]
[SourceQuality "1"]
[WhiteTeam "Tianjin Yipin"]
[BlackTeam "Shenzhen Qiyu"]
[WhiteTeamCountry "CHN"]
[BlackTeamCountry "CHN"]

1. e4 c5 2. Nf3 e6 3. d4 cxd4 4. Nxd4 Nc6 5. Nc3 Qc7 6. Be3 a6 7. Bd3 Nf6 8. 0-0 Be7 9. h3 b5 10. Nxc6 dxc6 11. f4 Bb7 12. e5 Nd5 13. Nxd5 exd5 14. e6 0-0 15. exf7+ Rxf7 16. Qh5 g6 17. Qg4 Raf8 18. f5 Bc8 19. Bh6 Re8 20. h4 Kh8 21. Qd4+ Bf6 22. Qc5 Bxf5 23. Bxf5 gxf5 24. Rxf5 Bxb2 25. Rxf7 Qxf7 26. Rf1 Qg6 27. Rf8+ Rxf8 28. Qxf8+ Qg8 29. Qc5 Qe8 30. g3 Bf6 31. Qa7 Bc3 32. Qxa6 Qe1+ 33. Kh2 Qf2+ 34. Kh1 Qf3+ 35. Kh2 Qe2+ 36. Kh1 Qd1+ 37. Kh2 Qxc2+ 38. Kh1 Qe4+ 39. Kh2 Qe2+ 40. Kh1 Qe8 41. Qa7 Bf6 42. Qf2 Qg6 43. Be3 d4 44. Bg5 Kg7 45. Bxf6+ Qxf6 46. Qe2 Kf7 47. Qh5+ Qg6 48. Qf3+ Ke7 49. Qa3+ Ke6 50. Qb3+ Ke5 51. Qb4 Qe4+ 52. Kh2 d3 53. Qe7+ Kd4 54. Qd6+ Kc4 55. Qa3 Qe2+ 56. Kh3 d2 57. Qb3+ Kc5 58. Qc3+ Kb6 59. Qd4+ Ka6 60. Qd7 d1Q 61. Qxc6+ Ka5 62. Qa8+ Kb4 63. Qf8+ Kc3 64. Qc5+ Kb2 65. Qb4+ Kxa2 66. Qa5+ Qa4 0-1

[Event "Online Olym Div4 A"]
[Site "Chess.com INT"]
[Date "2021.08.21"]
[Round "6.6"]
[White "Feng, Eunice"]
[Black "Nihaya, Ahmed"]
[Result "1-0"]
[WhiteElo "1528"]
[BlackElo "1196"]
[PlyCount "51"]
[EventDate "2021.08.20"]
[EventType "team (rapid)"]
[EventRounds "11"]
[EventCountry "USA"]
[SourceTitle "CBM 203 Extra"]
[Source "ChessBase"]
[SourceDate "2021.09.30"]
[SourceVersion "1"]
[SourceVersionDate "2021.09.30"]
[SourceQuality "1"]
[WhiteTeam "Hong Kong"]
[BlackTeam "Maldives"]
[WhiteTeamCountry "HKG"]
[BlackTeamCountry "MDV"]

1. e4 e5 2. Nf3 Nc6 3. Bc4 Nf6 4. d4 exd4 5. e5 Bb4+ 6. c3 dxc3 7. bxc3 Ba5 8. exf6 Qxf6 9. Qe2+ Ne7 10. 0-0 0-0 11. Bg5 Qc6 12. Bxe7 Re8 13. Bxf7+ Kxf7 14. Ne5+ Kxe7 15. Nxc6+ Kf8 16. Qf3+ Kg8 17. Nxa5 d6 18. Nd2 Rf8 19. Qd5+ Kh8 20. Rfe1 Bd7 21. Re7 Rf5 22. Qd4 Rg8 23. Rxd7 Rxa5 24. Ne4 h6 25. Nf6 Rf8 26. Qe4 1-0

[Event "Wch FIDE Online U12 Girls Asia qual"]
[Site "Tornelo INT"]
[Date "2020.12.11"]
[Round "1"]
[White "Feng, Eunice"]
[Black "Ding, Simeng"]
[Result "0-1"]
[WhiteElo "1528"]
[BlackElo "1112"]
[PlyCount "92"]
[EventDate "2020.12.11"]
[EventType "swiss (rapid)"]
[EventRounds "7"]
[EventCountry "ISS"]
[SourceTitle "EXT 2022"]
[Source "ChessBase"]
[SourceDate "2021.10.06"]
[SourceVersion "1"]
[SourceVersionDate "2021.10.06"]
[SourceQuality "1"]

1. e4 e5 2. Nf3 Nc6 3. Bc4 Bc5 4. c3 Nf6 5. d4 exd4 6. e5 d5 7. Bb5 Ne4 8. cxd4 Bb6 9. Nc3 0-0 10. Be3 Bg4 11. h3 Bh5 12. Qc2 Bg6 13. Qb3 Ne7 14. Nh4 c6 15. Nxg6 Nxg6 16. Bd3 Nxc3 17. bxc3 f5 18. 0-0 f4 19. Bc1 Qg5 20. Bxg6 Qxg6 21. f3 Rad8 22. Ba3 Rf7 23. Rae1 Qg3 24. e6 Rf5 25. Qc2 Rg5 26. Be7 Re8 27. Bxg5 Qxg5 28. Re5 Qxe5 29. Kh2 Qxe6 30. Qd2 Qe3 31. Qb2 Qe2 32. Rf2 Qxb2 33. Rxb2 Re3 34. Rc2 Ba5 35. c4 dxc4 36. Rxc4 Bb6 37. a4 a5 38. Kg1 Rd3 39. Kf1 Rxd4 40. Rxd4 Bxd4 41. Ke2 c5 42. Kd3 Kf7 43. Kc4 Ke6 44. Kd3 Kd5 45. Kc2 Kc4 46. Kd2 Kb3 0-1

[Event "Asia Nations online Cup (Women)"]
[Site "Chess.com INT"]
[Date "2020.10.17"]
[Round "4.11"]
[White "Feng, Eunice"]
[Black "Yazji, Mada"]
[Result "1-0"]
[WhiteElo "1528"]
[BlackElo "1704"]
[PlyCount "79"]
[EventDate "2020.10.11"]
[EventType "team-swiss (rapid)"]
[EventRounds "9"]
[EventCountry "IND"]
[SourceTitle "CBM 198 Extra"]
[Source "ChessBase"]
[SourceDate "2020.11.30"]
[SourceVersion "1"]
[SourceVersionDate "2020.11.30"]
[SourceQuality "1"]
[WhiteTeam "Hong Kong (W)"]
[BlackTeam "Syria (W)"]
[WhiteTeamCountry "HKG"]
[BlackTeamCountry "SYR"]

1. e4 c5 2. Nf3 Nc6 3. d4 cxd4 4. Nxd4 Nf6 5. Nc3 e5 6. Ndb5 d6 7. Bg5 a6 8. Bxf6 gxf6 9. Na3 f5 10. Bd3 Rg8 11. g3 f4 12. Nd5 Nd4 13. Be2 Be6 14. c3 Bxd5 15. exd5 Nxe2 16. Qxe2 Bh6 17. Nc4 Rc8 18. Nd2 Kf8 19. Ne4 f5 20. Qh5 fxe4 21. Qxh6+ Ke8 22. Qxh7 Rf8 23. Qxe4 Qf6 24. 0-0-0 b5 25. h4 Rc4 26. Qd3 fxg3 27. fxg3 Qh6+ 28. Kb1 Kd7 29. Rhf1 Rcc8 30. Rxf8 Rxf8 31. c4 b4 32. c5 dxc5 33. d6 Ra8 34. Qf5+ Qe6 35. Qh7+ Kc6 36. Qc7+ Kb5 37. Qb7+ Kc4 38. Qxa8 Qg6+ 39. Ka1 Qc2 40. Qxa6# 1-0

[Event "Asia Nations online Cup (Women)"]
[Site "Chess.com INT"]
[Date "2020.10.11"]
[Round "2.10"]
[White "Feng, Eunice"]
[Black "Hoshino, Meilin"]
[Result "1-0"]
[WhiteElo "1528"]
[BlackElo "1591"]
[PlyCount "57"]
[EventDate "2020.10.11"]
[EventType "team-swiss (rapid)"]
[EventRounds "9"]
[EventCountry "IND"]
[SourceTitle "CBM 198 Extra"]
[Source "ChessBase"]
[SourceDate "2020.11.30"]
[SourceVersion "1"]
[SourceVersionDate "2020.11.30"]
[SourceQuality "1"]
[WhiteTeam "Hong Kong (W)"]
[BlackTeam "Japan (W)"]
[WhiteTeamCountry "HKG"]
[BlackTeamCountry "JPN"]

1. e4 c5 2. Nf3 g6 3. d4 cxd4 4. Nxd4 Nc6 5. Nc3 Bg7 6. Be3 Nf6 7. Bc4 0-0 8. Bb3 d6 9. f3 Qb6 10. Nf5 Qa5 11. Nxg7 Kxg7 12. Qd2 Rd8 13. 0-0-0 b5 14. g4 Ne5 15. Qf2 Nc4 16. Bxc4 bxc4 17. h4 Rb8 18. a3 Rb7 19. h5 g5 20. h6+ Kg8 21. Nd5 Qb5 22. Nxf6+ exf6 23. Bd4 Be6 24. Bxf6 Rdd7 25. Qe3 Rb6 26. Rd5 Qxb2+ 27. Bxb2 Bxd5 28. Qxg5+ Kf8 29. exd5 1-0